000 004980000a22001810004500
003 MACL
005 20160311170249.0
008 160311b xxu||||| |||| 00| 0 eng d
040 _aMACL
_cMACL
041 _aHindi
082 _a891.433
100 _aअस्‍थाना गिरीश
_945106
245 _aकल्‍पतरू
260 _bशब्‍दकार
_c1983
_aनई दिल्‍ली
350 _a16
650 _aStories
_945107
942 _cHIN
_k891.433
_2ddc
999 _c27912
_d27912